000 00525nam a2200193Ia 4500
003 GCL
008 140319s9999 xx 000 0 ara d
040 _aGCL /
_cGCL
082 0 4 _aد
_b050
_bام
100 1 _aمحمد كرد على
245 1 0 _aالمقتبس : مجلة ادبية علمية اجتماعية /
_cمحمد كرد على
260 _a[S.N] :
_bالمؤلف
300 _a56
650 0 4 _aالطب
650 0 4 _aالادب
650 0 4 _aالاجتماع
650 0 4 _aالعلوم
942 _2ddc
_cCR
999 _c27065
_d27065